[Event "51smm A Deutschnofen-Brixen/Milland"]
[Site "?"]
[Date "2019.12.14"]
[Round "4.4"]
[White "Tonina, Filippo"]
[Black "Hellweg, Stephan"]
[Result "1/2-1/2"]
[WhiteElo "1965"]
[BlackElo "1770"]
[PlyCount "103"]
[EventDate "2019.12.14"]

1. d4 d5 2. c4 c6 3. Nc3 Nf6 4. cxd5 cxd5 5. Bf4 a6 6. e3 e6 7. Bd3 Bd6 8. Nge2
Bxf4 9. Nxf4 Bd7 10. O-O Bc6 11. Nh5 Nxh5 12. Qxh5 Nd7 13. f4 Nf6 14. Qg5 O-O
15. Rf3 Ne4 16. Qe5 Nf6 17. Rh3 g6 18. Qg5 Kh8 19. Rf1 Ng8 20. Qg3 Qf6 21. Qf3
Ne7 22. g4 Qg7 23. Rg3 f5 24. g5 Kg8 25. Rh3 Kf7 26. Qe2 Rh8 27. b4 Qf8 28. Nb1
Qe8 29. Nd2 Bb5 30. Nf3 Bxd3 31. Ne5+ Kg7 32. Qxd3 Nc6 33. Rhf3 Nxe5 34. dxe5
Rc8 35. R3f2 Qc6 36. Rb2 Qb6 37. Qd4 Qxd4 38. exd4 Rc4 39. Rd1 Rhc8 40. Rdd2 b6
41. Kf2 Rc3 42. Ke2 Rc1 43. Kf2 R8c3 44. Kg2 Kf7 45. Rf2 Ke7 46. b5 a5 47. Rf3
Rxf3 48. Kxf3 Rc3+ 49. Ke2 Kf7 50. Kd2 Rc4 51. Kd3 Kg7 52. a3 1/2-1/2

[Event "51smm A Deutschnofen-Brixen/Milland"]
[Site "?"]
[Date "2019.12.14"]
[Round "4.5"]
[White "Kofler, Oswald"]
[Black "Thurner, Markus"]
[Result "1-0"]
[WhiteElo "1807"]
[BlackElo "1892"]
[PlyCount "89"]
[EventDate "2019.12.14"]

1. d4 e6 2. c4 f5 3. Nf3 Nf6 4. Nc3 Bb4 5. Bd2 O-O 6. e3 b6 7. Be2 Bb7 8. O-O
Bxc3 9. Bxc3 Ne4 10. Rc1 d6 11. b4 Rf6 12. c5 Rg6 13. Bb2 Ng5 14. a3 Bd5 15.
Kh1 Nd7 16. Ne1 Nf6 17. f3 Rh6 18. Nd3 Nh5 19. Qe1 Nf7 20. Kg1 Qg5 21. Bd1 Rg6
22. Rc2 Rf8 23. Bc1 Bb3 24. Rb2 Bc4 25. Qc3 b5 26. Rff2 d5 27. e4 Qh4 28. exf5
exf5 29. Rbe2 Ng5 30. Bxg5 Qxg5 31. Re5 Bxd3 32. Qxd3 Nf4 33. Qd2 Nh3+ 34. Kf1
Nxf2 35. Qxg5 Rxg5 36. Kxf2 c6 37. Re7 Rf7 38. Re8+ Rf8 39. Re7 Rg6 40. Rxa7
Re6 41. a4 Rfe8 42. axb5 Re1 43. b6 Rxd1 44. b7 f4 45. g3 1-0

[Event "51smm A Deutschnofen-Brixen/Milland"]
[Site "?"]
[Date "2019.12.14"]
[Round "4.6"]
[White "Welsch, Ulrich"]
[Black "Ellemund, Gabriel"]
[Result "0-1"]
[WhiteElo "1793"]
[BlackElo "1644"]
[PlyCount "74"]
[EventDate "2019.12.14"]

1. d4 Nf6 2. g3 c5 3. d5 d6 4. Bg2 g6 5. c4 Bg7 6. Nc3 O-O 7. Nf3 e6 8. dxe6
Bxe6 9. Ng5 Nc6 10. Nxe6 fxe6 11. Bf4 Nd4 12. e3 Nf5 13. Bg5 Qb6 14. Qb3 Nd7
15. g4 Nh6 16. h3 Ne5 17. O-O Nf3+ 18. Bxf3 Rxf3 19. Qxb6 axb6 20. Kg2 Rf7 21.
Rad1 Rd7 22. Rd2 Nf7 23. Bf4 Bxc3 24. bxc3 Kf8 25. Rb1 Ra4 26. Rxb6 e5 27. Bg3
Rxc4 28. Rb3 Ke7 29. f4 Ke6 30. fxe5 Nxe5 31. Bxe5 Kxe5 32. Kf3 Rf7+ 33. Ke2 h5
34. Kd3 d5 35. gxh5 gxh5 36. Rg2 Rh4 37. Rg5+ Kf6 0-1

[Event "51smm A Groeden-Arci"]
[Site "?"]
[Date "2019.12.14"]
[Round "4.1"]
[White "Perino, Alberto"]
[Black "Moroder, Stephan"]
[Result "0-1"]
[WhiteElo "1858"]
[BlackElo "2143"]
[PlyCount "36"]
[EventDate "2019.12.14"]

1. e4 c5 2. Nf3 d6 3. d4 cxd4 4. Nxd4 Nf6 5. Nc3 a6 6. Be2 e6 7. Be3 Be7 8. Qd3
Nbd7 9. g4 Nc5 10. Qc4 d5 11. Nxe6 Bxe6 12. Qd4 Nfxe4 13. Nxe4 Nxe4 14. O-O-O
O-O 15. Kb1 Qa5 16. g5 Bc5 17. Qe5 d4 18. Bxd4 Qxa2+ 0-1

[Event "51smm A Groeden-Arci"]
[Site "?"]
[Date "2019.12.14"]
[Round "4.2"]
[White "Demetz, Rainer"]
[Black "De Nisi, Roberta"]
[Result "1-0"]
[WhiteElo "2170"]
[BlackElo "1781"]
[PlyCount "63"]
[EventDate "2019.12.14"]

1. e4 e6 2. d4 d5 3. Nc3 Nf6 4. Bg5 Be7 5. e5 Nfd7 6. Bxe7 Qxe7 7. f4 a6 8. Nf3
c5 9. Qd2 Nc6 10. dxc5 Nxc5 11. O-O-O Bd7 12. Nd4 O-O 13. Be2 b5 14. Bf3 Rfc8
15. Rhe1 b4 16. Nxc6 Bxc6 17. Ne2 a5 18. Kb1 Na4 19. Nd4 Be8 20. Re3 Rab8 21.
Ka1 Nb6 22. Be2 Nc4 23. Bxc4 dxc4 24. f5 Rd8 25. f6 Qc5 26. c3 Rd5 27. Rde1 a4
28. Rg3 Rxe5 29. Rxg7+ Kh8 30. cxb4 Rxe1+ 31. Qxe1 Qxd4 32. Rg8+ 1-0

[Event "51smm A Groeden-Arci"]
[Site "?"]
[Date "2019.12.14"]
[Round "4.3"]
[White "D'Ambrosio, Luca"]
[Black "Bernardi, Ruben"]
[Result "0-1"]
[WhiteElo "1761"]
[BlackElo "2101"]
[PlyCount "136"]
[EventDate "2019.12.14"]

1. d4 c5 2. d5 g6 3. c4 b5 4. e4 Bg7 5. cxb5 a6 6. a4 d6 7. bxa6 Nf6 8. Bb5+
Nbd7 9. Qe2 O-O 10. Nf3 Bxa6 11. Bxa6 Qa5+ 12. Nfd2 Rxa6 13. O-O Rfa8 14. Nc4
Qd8 15. a5 h5 16. h3 Ne8 17. Nba3 Nc7 18. Rb1 e6 19. dxe6 Nxe6 20. Bd2 Nd4 21.
Qd3 Rc6 22. b4 cxb4 23. Bxb4 Nc5 24. Qe3 Nce6 25. Rbc1 Rac8 26. Rfd1 Kh7 27.
Bd2 Qf8 28. Nb6 Rxc1 29. Rxc1 Rxc1+ 30. Bxc1 Qe8 31. Nac4 Qb5 32. Bd2 Nf4 33.
Kh2 Nfe2 34. f4 Bh6 35. g3 h4 36. Be1 Qb1 37. Bf2 hxg3+ 38. Bxg3 Qf1 39. Nd2
Qa1 40. Nbc4 Qa2 41. Qa3 Qc2 42. Qb2 Qd1 43. Qb1 Nf3+ 44. Kg2 Nxf4+ 45. Bxf4
Qe2+ 46. Kg3 Nxd2 47. Bxd2 Bxd2 48. Nxd2 Qxd2 49. Qb7 Qd3+ 50. Kf2 Qxh3 51. a6
Qh2+ 52. Kf3 Qh3+ 53. Kf4 Kh6 54. e5 Qh2+ 55. Kf3 dxe5 56. Ke3 Qf4+ 57. Ke2 e4
58. a7 Qf3+ 59. Ke1 Qg3+ 60. Ke2 Qg2+ 61. Ke1 Qh1+ 62. Ke2 Qg2+ 63. Ke1 Qg3+
64. Ke2 Qd3+ 65. Ke1 e3 66. Qxf7 Qd2+ 67. Kf1 e2+ 68. Kg2 e1=Q+ 0-1

[Event "51smm A Groeden-Arci"]
[Site "?"]
[Date "2019.12.14"]
[Round "4.4"]
[White "Moroder, Thomas"]
[Black "Rinaldo, Gaetano"]
[Result "1-0"]
[WhiteElo "1984"]
[BlackElo "1714"]
[PlyCount "63"]
[EventDate "2019.12.14"]

1. e4 e6 2. d4 d5 3. e5 c5 4. c3 Nc6 5. Nf3 Qb6 6. a3 c4 7. Nbd2 f6 8. Be2 Be7
9. O-O Bd7 10. b3 cxb3 11. Nxb3 Na5 12. Nxa5 Qxa5 13. Qb3 b5 14. Bd2 Qa4 15.
Qb2 a6 16. Rfe1 f5 17. Reb1 Rc8 18. Ne1 h5 19. Qc1 g6 20. Nd3 Qa5 21. c4 Qd8
22. c5 a5 23. Nf4 Kf7 24. Bxb5 Bxb5 25. Rxb5 Bg5 26. Rb7+ Ne7 27. Nxe6 Kxe6 28.
Bxg5 Rc7 29. Rab1 Qd7 30. R1b6+ Nc6 31. Qb2 Kf7 32. Rxc7 1-0

[Event "51smm A Groeden-Arci"]
[Site "?"]
[Date "2019.12.14"]
[Round "4.5"]
[White "Rizzardi, Roberto"]
[Black "Grossi, Christian"]
[Result "0-1"]
[WhiteElo "1493"]
[BlackElo "1858"]
[PlyCount "44"]
[EventDate "2019.12.14"]

1. e4 g6 2. d4 Bg7 3. f4 d6 4. Nf3 Nd7 5. c3 c5 6. Be3 Ngf6 7. Bd3 Ng4 8. Bc1
cxd4 9. Nxd4 Nc5 10. Bb5+ Kf8 11. O-O Nxe4 12. Qf3 Bxd4+ 13. cxd4 Ngf6 14. Bd3
Qb6 15. Qe3 Bf5 16. Nc3 Ng4 17. Na4 Qb4 18. Qe2 Qxd4+ 19. Kh1 Nef2+ 20. Rxf2
Nxf2+ 21. Kg1 Nxd3+ 22. Be3 Qxa4 0-1

[Event "51smm A Groeden-Arci"]
[Site "?"]
[Date "2019.12.14"]
[Round "4.6"]
[White "Casadio, Niccolo"]
[Black "Scarabello, Graziano"]
[Result "1-0"]
[WhiteElo "1879"]
[BlackElo "1424"]
[PlyCount "53"]
[EventDate "2019.12.14"]

1. e4 c5 2. Nf3 Nc6 3. d4 cxd4 4. Nxd4 e6 5. Nc3 a6 6. Be3 Bb4 7. Qd2 Nf6 8.
Bd3 O-O 9. O-O d5 10. exd5 Nxd5 11. Nxc6 bxc6 12. a3 Bxc3 13. bxc3 Nxe3 14.
Qxe3 f5 15. Rfe1 Rf6 16. Rab1 Qc7 17. Qe5 Qe7 18. a4 Bd7 19. Rb7 Qe8 20. Bc4
Kh8 21. Qc7 Rd8 22. Rd1 Rf7 23. h3 Re7 24. Bxa6 c5 25. Bb5 Rc8 26. Qd6 Rc6 27.
Bxc6 1-0

[Event "51smm A Kaltern/Tramin-Ehrenburg"]
[Site "?"]
[Date "2019.12.14"]
[Round "4.1"]
[White "Jedinger, Andreas"]
[Black "Barp, Alberto"]
[Result "0-1"]
[WhiteElo "2099"]
[BlackElo "2404"]
[PlyCount "52"]
[EventDate "2019.12.14"]

1. e4 c6 2. d4 d5 3. Nc3 dxe4 4. Nxe4 Nf6 5. Nxf6+ exf6 6. c3 Bd6 7. Bd3 O-O 8.
Ne2 Re8 9. Qc2 h5 10. Be3 Nd7 11. O-O-O Nf8 12. Kb1 Be6 13. Bf4 b5 14. Qd2 Ng6
15. h4 a5 16. Bg3 a4 17. Ka1 Be7 18. Be4 Qd7 19. Nf4 Nxf4 20. Bxf4 Bxa2 21.
Kxa2 Qe6+ 22. d5 Qxe4 23. Qd4 Qc2 24. Qd2 Qb3+ 25. Kb1 a3 26. Qc2 a2+ 0-1

[Event "51smm A Kaltern/Tramin-Ehrenburg"]
[Site "?"]
[Date "2019.12.14"]
[Round "4.2"]
[White "Paltrinieri, Nicholas"]
[Black "Kranebitter, Gerhard"]
[Result "1/2-1/2"]
[WhiteElo "2263"]
[BlackElo "2058"]
[PlyCount "68"]
[EventDate "2019.12.14"]

1. e4 e6 2. d4 d5 3. Nd2 Nf6 4. e5 Nfd7 5. Bd3 c5 6. c3 Nc6 7. Ne2 cxd4 8. cxd4
f6 9. exf6 Qxf6 10. Nf3 h6 11. O-O Bd6 12. Be3 O-O 13. Qb3 Rd8 14. Nc3 Nf8 15.
Rad1 Bd7 16. Rfe1 Be8 17. Nb5 Bb8 18. Nc3 Bd6 19. Nb5 Bb8 20. a4 Bh5 21. Be2
Bg6 22. Bc1 Nd7 23. Qa3 e5 24. Qb3 Bf7 25. dxe5 Ndxe5 26. Nbd4 Bc7 27. Be3 Na5
28. Qb4 b6 29. Nb5 Nxf3+ 30. Bxf3 Be5 31. Bd4 Nc6 32. Bxe5 Nxe5 33. Nd4 Rac8
34. Be2 h5 1/2-1/2

[Event "51smm A Kaltern/Tramin-Ehrenburg"]
[Site "?"]
[Date "2019.12.14"]
[Round "4.3"]
[White "Steger, Gerhard"]
[Black "Bertagnolli, Alexander"]
[Result "1/2-1/2"]
[WhiteElo "1909"]
[BlackElo "2346"]
[PlyCount "65"]
[EventDate "2019.12.14"]

1. e4 c5 2. Nc3 e6 3. f4 Nc6 4. Nf3 d5 5. e5 Bd7 6. f5 d4 7. fxe6 Bxe6 8. Nb1
Qd5 9. Bb5 Nge7 10. d3 O-O-O 11. c4 dxc3 12. Nxc3 Qd7 13. Ne4 Nf5 14. Bg5 Re8
15. Rc1 Bd5 16. O-O f6 17. Bf4 Re6 18. Nxc5 Bxc5+ 19. Rxc5 Bxf3 20. Qxf3 Nfd4
21. Qe4 Nxb5 22. Rxb5 Rd8 23. Qxh7 fxe5 24. Bg5 Qd4+ 25. Kh1 Qxd3 26. Qxd3 Rxd3
27. h4 b6 28. Rf8+ Kc7 29. Rf7+ Rd7 30. Rxd7+ Kxd7 31. Rd5+ Rd6 32. Rxd6+ Kxd6
33. h5 1/2-1/2

[Event "51smm A Kaltern/Tramin-Ehrenburg"]
[Site "?"]
[Date "2019.12.14"]
[Round "4.4"]
[White "Waldner, Mirko"]
[Black "Babinetz, Rainer"]
[Result "1-0"]
[WhiteElo "1952"]
[BlackElo "1940"]
[PlyCount "51"]
[EventDate "2019.12.14"]

1. d4 d5 2. c4 Nc6 3. Nc3 dxc4 4. e3 e5 5. d5 Na5 6. Qa4+ c6 7. dxc6 Nxc6 8.
Bxc4 Nf6 9. Nf3 Be7 10. Nxe5 O-O 11. Nxc6 bxc6 12. Bd2 Qb6 13. Qb3 Qc5 14. Be2
Be6 15. Qc2 Rfd8 16. e4 Rab8 17. O-O Qd4 18. Bf4 Bd6 19. Rfd1 Qc5 20. Rxd6 Rxd6
21. Bxd6 Qxd6 22. Rd1 Qc5 23. Bd3 Ng4 24. h3 Ne5 25. Be2 Bxa2 26. b4 1-0

[Event "51smm A Kaltern/Tramin-Ehrenburg"]
[Site "?"]
[Date "2019.12.14"]
[Round "4.5"]
[White "Gruber, Alexander"]
[Black "Bertagnolli, Gerhard"]
[Result "1/2-1/2"]
[WhiteElo "1828"]
[BlackElo "1872"]
[PlyCount "55"]
[EventDate "2019.12.14"]

1. e4 c5 2. Nf3 e6 3. d3 Nc6 4. g3 g6 5. Bg2 Bg7 6. O-O Nge7 7. c3 O-O 8. Nbd2
d5 9. Re1 dxe4 10. dxe4 b6 11. Qc2 Ba6 12. Bf1 Bxf1 13. Nxf1 Qc7 14. Bf4 Qb7
15. Rad1 Rfd8 16. a3 h6 17. h4 Rac8 18. N1h2 e5 19. Bc1 b5 20. Rxd8+ Rxd8 21.
Rd1 Qc7 22. Rxd8+ Qxd8 23. Qd2 h5 24. Qxd8+ Nxd8 25. Nf1 f6 26. Be3 Ne6 27.
N3d2 Bf8 28. f3 1/2-1/2

[Event "51smm A Kaltern/Tramin-Ehrenburg"]
[Site "?"]
[Date "2019.12.14"]
[Round "4.6"]
[White "Dallaglio, Giovanni"]
[Black "Mairhofer, Lino"]
[Result "0-1"]
[WhiteElo "1917"]
[BlackElo "1723"]
[PlyCount "102"]
[EventDate "2019.12.14"]

1. d4 Nf6 2. Nf3 g6 3. c4 Bg7 4. Nc3 d6 5. e4 Nbd7 6. Be2 e5 7. d5 Nc5 8. Qc2
a5 9. O-O O-O 10. Ne1 Ne8 11. Be3 f5 12. exf5 gxf5 13. f4 exf4 14. Bxf4 Nf6 15.
Nd3 Nce4 16. Bf3 Nxc3 17. bxc3 Ne4 18. Bxe4 fxe4 19. Nc1 Bf5 20. Qd2 Qf6 21.
Ne2 Qg6 22. Nd4 Bxd4+ 23. cxd4 Rae8 24. Rae1 Bg4 25. c5 Bf3 26. Bg3 e3 27. Rxe3
Bxd5 28. Rxf8+ Rxf8 29. Bxd6 Rf3 30. Re8+ Qxe8 31. Qg5+ Qg6 32. Qd8+ Kg7 33.
Be5+ Kh6 34. Qh4+ Qh5 35. Qxh5+ Kxh5 36. gxf3 c6 37. Kf2 Bxa2 38. Ke3 Bd5 39.
Bc7 a4 40. Ba5 a3 41. Kf4 Kg6 42. Ke5 Bxf3 43. Kd6 Kf5 44. Kc7 Kg4 45. Kxb7 Kh3
46. Bc3 Kxh2 47. Kc7 h5 48. Kd6 h4 49. Ke5 h3 50. d5 Bxd5 51. Kf4 Kg2 0-1

[Event "51smm A Naturns-Klausen"]
[Site "?"]
[Date "2019.12.14"]
[Round "4.1"]
[White "Schacher, Gerd"]
[Black "La Manna, Andrea"]
[Result "1/2-1/2"]
[WhiteElo "2278"]
[BlackElo "2156"]
[PlyCount "66"]
[EventDate "2019.12.14"]

1. c4 Nf6 2. d4 g6 3. Nc3 Bg7 4. e4 d6 5. f3 O-O 6. Be3 Nc6 7. Nge2 a6 8. Qd2
Rb8 9. Rc1 Bd7 10. Nd1 b5 11. c5 Re8 12. Nf2 dxc5 13. Rxc5 e5 14. d5 Ne7 15.
Qc1 Bf8 16. Nd3 Nexd5 17. exd5 e4 18. fxe4 Bxc5 19. Nxc5 Nxe4 20. Ng3 Qh4 21.
Ncxe4 Rxe4 22. Bd3 Rxe3+ 23. Qxe3 Re8 24. Be4 f5 25. O-O fxe4 26. Rf4 Qe7 27.
Rxe4 Qf8 28. h3 Rxe4 29. Nxe4 Bf5 30. Nc5 Qd6 31. Qe8+ Kg7 32. Ne6+ Bxe6 33.
dxe6 Qd1+ 1/2-1/2

[Event "51smm A Naturns-Klausen"]
[Site "?"]
[Date "2019.12.14"]
[Round "4.2"]
[White "Unterthurner, Hans"]
[Black "Seebacher, Michael"]
[Result "0-1"]
[WhiteElo "1923"]
[BlackElo "1978"]
[PlyCount "50"]
[EventDate "2019.12.14"]

1. e4 Nc6 2. d4 e5 3. Nf3 exd4 4. Nxd4 Qh4 5. Nxc6 Qxe4+ 6. Be2 dxc6 7. O-O Bd6
8. Nd2 Qe7 9. Re1 Be6 10. Bg4 O-O-O 11. Bxe6+ fxe6 12. Qe2 e5 13. Nc4 Nf6 14.
Be3 Kb8 15. Rad1 Nd5 16. Rd3 Rhe8 17. Rb3 Nb6 18. Na5 Bb4 19. Nxc6+ bxc6 20. c3
Bc5 21. a4 Bxe3 22. Qxe3 Ka8 23. Qe2 Qc5 24. Qa6 Rf8 25. Rf1 Rxf2 0-1

[Event "51smm A Naturns-Klausen"]
[Site "?"]
[Date "2019.12.14"]
[Round "4.3"]
[White "Seebacher, Reinhard"]
[Black "Naegele, Norbert"]
[Result "1-0"]
[WhiteElo "1909"]
[BlackElo "1817"]
[PlyCount "107"]
[EventDate "2019.12.14"]

1. e4 g6 2. d4 Bg7 3. Nc3 d6 4. Be3 a6 5. Qd2 b5 6. a3 Bb7 7. h4 h5 8. Nge2 Nd7
9. f3 Ngf6 10. O-O-O c6 11. Nf4 O-O 12. Be2 c5 13. dxc5 dxc5 14. Ncd5 e6 15.
Nxf6+ Qxf6 16. Nd3 c4 17. Bg5 Qd4 18. c3 Qd6 19. Nf2 Qxd2+ 20. Rxd2 Nc5 21. Kc2
f6 22. Be3 Rac8 23. Rhd1 Nb3 24. Rd7 Bc6 25. R7d6 Rfe8 26. Rg1 Bf8 27. Rdd1
Rcd8 28. g4 Rxd1 29. Rxd1 hxg4 30. Nxg4 Kf7 31. Bf1 e5 32. Bb6 Nc5 33. Rd8 Rxd8
34. Bxd8 Be7 35. Bc7 Ne6 36. Bxe5 f5 37. Nh6+ Ke8 38. exf5 gxf5 39. Nxf5 Bxf3
40. Nxe7 Kxe7 41. Bh3 Nc5 42. Bf5 Bh5 43. Bd4 Kd6 44. Bxc5+ Kxc5 45. Kd2 a5 46.
Bc2 b4 47. axb4+ axb4 48. cxb4+ Kxb4 49. Bd1 Bg6 50. Ke3 Bf7 51. Kd4 Bg6 52.
Ke5 c3 53. bxc3+ Kxc3 54. Kf6 1-0

[Event "51smm A Naturns-Klausen"]
[Site "?"]
[Date "2019.12.14"]
[Round "4.4"]
[White "Gurschler, Gregor"]
[Black "Schrott, Johann"]
[Result "1/2-1/2"]
[WhiteElo "1768"]
[BlackElo "1812"]
[PlyCount "84"]
[EventDate "2019.12.14"]

1. e4 c5 2. Nc3 Nc6 3. g3 d6 4. Bg2 Nf6 5. d3 g6 6. f4 Bg7 7. h3 a6 8. Nf3 Qc7
9. Ne2 Nd7 10. g4 b5 11. c3 Bb7 12. Bd2 Nb6 13. O-O h6 14. d4 O-O 15. Be3 Nc4
16. Qc1 Nxe3 17. Qxe3 Na5 18. Ng3 Nc4 19. Qe2 Rac8 20. e5 cxd4 21. cxd4 dxe5
22. dxe5 Qc5+ 23. Kh2 Ne3 24. Rfc1 Qb6 25. Bh1 Nd5 26. Qd2 Rcd8 27. Ne4 Nc7 28.
Qe2 Ne6 29. Kg3 Rd7 30. Rd1 Rfd8 31. Rxd7 Rxd7 32. Rc1 Qa5 33. b3 Qb4 34. Re1
Nd4 35. Nxd4 Rxd4 36. Qe3 Bxe4 37. Bxe4 f5 38. exf6 Bxf6 39. Bxg6 Kg7 40. Bf5
Rxf4 41. a3 Qd6 42. Qxf4 Bh4+ 1/2-1/2

[Event "51smm A Naturns-Klausen"]
[Site "?"]
[Date "2019.12.14"]
[Round "4.5"]
[White "Schrott, Ernst"]
[Black "Gurschler, Thomas"]
[Result "1-0"]
[WhiteElo "1867"]
[BlackElo "1869"]
[PlyCount "41"]
[EventDate "2019.12.14"]

1. e4 g6 2. d4 Bg7 3. Nc3 c6 4. Be3 d5 5. e5 Nh6 6. Qd2 Nf5 7. Bf4 e6 8. g4 Ne7
9. O-O-O Qa5 10. Kb1 Bd7 11. Nb5 Qb6 12. Nd6+ Kf8 13. Bh6 Nc8 14. Nxc8 Bxc8 15.
h4 c5 16. h5 Nc6 17. Nf3 Bd7 18. hxg6 fxg6 19. Bd3 Kg8 20. Bxg7 Kxg7 21. Qh6+
1-0

[Event "51smm A Naturns-Klausen"]
[Site "?"]
[Date "2019.12.14"]
[Round "4.6"]
[White "Naegele, Raimund"]
[Black "Haller, Quentin"]
[Result "0-1"]
[WhiteElo "1612"]
[BlackElo "1797"]
[PlyCount "54"]
[EventDate "2019.12.14"]

1. d4 Nf6 2. Nf3 d5 3. e3 Bf5 4. c4 c6 5. Nc3 e6 6. Bd2 Nbd7 7. Be2 h6 8. O-O
Be7 9. Re1 O-O 10. cxd5 exd5 11. Rc1 Ne4 12. a3 a5 13. Na4 b5 14. Nc3 b4 15.
axb4 axb4 16. Na4 Bg4 17. b3 Rc8 18. Rf1 Bd6 19. Qe1 Qe7 20. Rc2 Ndf6 21. Qc1
Nxd2 22. Qxd2 Ne4 23. Qc1 Qb7 24. Re1 Nc3 25. Nxc3 bxc3 26. Qa1 Bf5 27. Rxc3
Bb4 0-1

[Event "51smm A Naturns2-Richter/Lask"]
[Site "?"]
[Date "2019.12.14"]
[Round "4.1"]
[White "De Eccher, Stefano"]
[Black "Gurschler, Markus"]
[Result "1-0"]
[WhiteElo "2178"]
[BlackElo "1591"]
[PlyCount "83"]
[EventDate "2019.12.14"]

1. e4 g6 2. d4 Bg7 3. Nc3 d6 4. g3 Nc6 5. Be3 Nf6 6. h3 d5 7. e5 Ng8 8. Bg2 e6
9. Qd2 Bd7 10. f4 h5 11. Nf3 Nh6 12. O-O-O Qe7 13. Kb1 O-O-O 14. Ng5 a6 15. Bf2
Na7 16. Bf3 f6 17. exf6 Qxf6 18. g4 Rdf8 19. Bg3 Nf7 20. Nxf7 Qxf7 21. Ne2 h4
22. Bh2 Bb5 23. Rhf1 Nc6 24. c3 Nd8 25. Bg2 Qe7 26. Rf2 Bxe2 27. Qxe2 c6 28.
Re1 Qf7 29. Bf3 g5 30. f5 exf5 31. gxf5 Re8 32. Qf1 Rxe1+ 33. Qxe1 Re8 34. Re2
Rxe2 35. Qxe2 Bf6 36. Bh5 Qg7 37. Be8 b5 38. a4 Qf8 39. Bxc6 Nxc6 40. Qe6+ Kb7
41. Qd7+ Ka8 42. Qxc6+ 1-0

[Event "51smm A Naturns2-Richter/Lask"]
[Site "?"]
[Date "2019.12.14"]
[Round "4.2"]
[White "Zoeschg, Herbert"]
[Black "Moncher, Stefano"]
[Result "0-1"]
[WhiteElo "1569"]
[BlackElo "2181"]
[PlyCount "28"]
[EventDate "2019.12.14"]

1. e4 e6 2. d4 d5 3. exd5 exd5 4. Nf3 Bg4 5. Be2 Bd6 6. h3 Bh5 7. c3 Ne7 8. O-O
Nbc6 9. Nbd2 O-O 10. Ne1 Bg6 11. Ndf3 Qd7 12. Nd3 f6 13. Bf4 Bxd3 14. Bxd3 Bxf4
0-1

[Event "51smm A Naturns2-Richter/Lask"]
[Site "?"]
[Date "2019.12.14"]
[Round "4.3"]
[White "Voltolini, Giuseppe"]
[Black "Illmer, Markus"]
[Result "1-0"]
[WhiteElo "2123"]
[BlackElo "1557"]
[PlyCount "89"]
[EventDate "2019.12.14"]

1. d4 Nf6 2. c4 e6 3. g3 d5 4. Nf3 Be7 5. Bg2 Nbd7 6. O-O O-O 7. Qc2 h6 8. Rd1
c6 9. Nc3 dxc4 10. a4 Nd5 11. Nd2 Bd6 12. Nxc4 Bc7 13. e4 Nxc3 14. bxc3 Nf6 15.
Ba3 Re8 16. Rab1 Rb8 17. e5 Nd5 18. Nd6 Bxd6 19. Bxd6 Ra8 20. c4 Ne7 21. Bc5 b6
22. Bxe7 Rxe7 23. Bxc6 Rb8 24. Be4 Bb7 25. Bxb7 Rbxb7 26. f4 Red7 27. Qe4 Rbc7
28. d5 Rc5 29. Rb5 Qc8 30. Rxc5 Qxc5+ 31. Qd4 Qa5 32. d6 Qxa4 33. c5 Qxd4+ 34.
Rxd4 bxc5 35. Rc4 Kf8 36. Rxc5 Ke8 37. Rc8+ Rd8 38. Rxd8+ Kxd8 39. Kf2 Kd7 40.
Ke3 f6 41. Kd4 Kc6 42. Kc4 f5 43. Kb4 Kb6 44. Ka4 g6 45. h4 1-0

[Event "51smm A Naturns2-Richter/Lask"]
[Site "?"]
[Date "2019.12.14"]
[Round "4.4"]
[White "Christanell, Anton"]
[Black "Buglisi, Massimo"]
[Result "1/2-1/2"]
[WhiteElo "1488"]
[BlackElo "1930"]
[PlyCount "76"]
[EventDate "2019.12.14"]

1. d4 c5 2. c3 Nf6 3. Nf3 e6 4. h3 b6 5. Bf4 Bb7 6. e3 Be7 7. Be2 O-O 8. O-O
cxd4 9. cxd4 d6 10. Nbd2 Nbd7 11. Nc4 Ne4 12. Nfd2 Ndf6 13. Nxe4 Nxe4 14. Rc1
Rc8 15. Nd2 Qd7 16. Nxe4 Bxe4 17. Qd2 Qb7 18. f3 Bd5 19. b3 f5 20. Rxc8 Rxc8
21. Rc1 Rc7 22. Rc2 Qc8 23. Bd3 Rxc2 24. Qxc2 Qxc2 25. Bxc2 Kf7 26. Kf2 a5 27.
e4 fxe4 28. Bxe4 Bxe4 29. fxe4 Ke8 30. Ke3 Kd7 31. Kd3 d5 32. e5 Bb4 33. g4 b5
34. Bd2 Bxd2 35. Kxd2 Ke7 36. Ke3 Kf7 37. Kf3 g5 38. Ke3 Ke7 1/2-1/2

[Event "51smm A Naturns2-Richter/Lask"]
[Site "?"]
[Date "2019.12.14"]
[Round "4.5"]
[White "Kowalczyk, Martin"]
[Black "Nischler, Hermann"]
[Result "1-0"]
[WhiteElo "1781"]
[BlackElo "1344"]
[PlyCount "46"]
[EventDate "2019.12.14"]

1. e4 d5 2. exd5 Nf6 3. Bb5+ Bd7 4. Bxd7+ Qxd7 5. c4 e5 6. dxe6 Qxe6+ 7. Qe2
Bd6 8. Qxe6+ fxe6 9. Nf3 Nbd7 10. d4 c6 11. O-O Kf7 12. Be3 a6 13. Nbd2 Rae8
14. h3 Bc7 15. b4 Bb8 16. a4 Bd6 17. Rab1 Re7 18. b5 axb5 19. axb5 Rc8 20. bxc6
bxc6 21. Rb7 h6 22. g3 c5 23. dxc5 Nxc5 1-0

[Event "51smm A Naturns2-Richter/Lask"]
[Site "?"]
[Date "2019.12.14"]
[Round "4.6"]
[White "Wielander, Wolfgang"]
[Black "Gruber, Martin"]
[Result "1/2-1/2"]
[WhiteElo "1492"]
[BlackElo "1603"]
[PlyCount "48"]
[EventDate "2019.12.14"]

1. e4 Nf6 2. e5 Nd5 3. c4 Nb6 4. d4 d6 5. exd6 exd6 6. Nf3 Bf5 7. Be2 Be7 8.
O-O Nc6 9. a3 O-O 10. Nc3 a6 11. Be3 Nd7 12. Nd5 h6 13. Qd2 Be4 14. Nxe7+ Qxe7
15. Rfe1 Bg6 16. Bd1 Qf6 17. Rc1 Rac8 18. d5 Nce5 19. Nxe5 Nxe5 20. Bd4 Qf5 21.
Bc2 Qh5 22. Bd1 Qf5 23. Bc2 Qh5 24. Bd1 Qf5 1/2-1/2

[Event "51smm B Groeden2-Bruneck"]
[Site "?"]
[Date "2019.12.14"]
[Round "4.1"]
[White "Moling, Patrick"]
[Black "Casadio, Lorenzo"]
[Result "1-0"]
[WhiteElo "2055"]
[BlackElo "1771"]
[PlyCount "97"]
[EventDate "2019.12.14"]

1. e4 {[%emt 0:00:00]} 1... c5 2. Nf3 Nc6 3. d4 cxd4 4. Nxd4 Nf6 5. Nc3 e5 6.
Ndb5 d6 7. Bg5 a6 8. Na3 b5 9. Nd5 Be7 10. Bxf6 Bxf6 11. c3 Be6 12. Nc2 Bg5 13.
a4 bxa4 14. Rxa4 a5 15. b4 O-O 16. b5 Ne7 17. Nce3 Bxe3 18. Nxe3 f5 19. exf5
Nxf5 20. Nxf5 Rxf5 21. Bd3 Rf7 22. O-O d5 23. Qe2 Qc7 24. c4 Rf4 25. b6 Qxb6
26. Qxe5 Rf6 27. cxd5 Bd7 28. Rh4 h6 29. Qe7 Qd6 30. Qe3 a4 31. Rd4 Qc5 32. Rc1
Qd6 33. Bc4 Re8 34. Re4 Ref8 35. f3 Rb8 36. Qa7 Rb2 37. Qd4 a3 38. Re3 Rb6 39.
Qc3 Qb8 40. Qxa3 Rb2 41. Re7 Rg6 42. d6+ Kh8 43. g3 Rxd6 44. Qc3 Qb6+ 45. Kh1
Rg6 46. Rxd7 Rf6 47. Bd5 Kh7 48. Be4+ Kg8 49. Qc4+ 1-0

[Event "51smm B Groeden2-Bruneck"]
[Site "?"]
[Date "2019.12.14"]
[Round "4.2"]
[White "Scola, Matteo"]
[Black "Balzarini, Franco"]
[Result "0-1"]
[WhiteElo "1746"]
[BlackElo "1832"]
[PlyCount "54"]
[EventDate "2019.12.14"]

1. c4 Nf6 2. Nc3 e6 3. g3 Be7 4. e4 d6 5. Nf3 Nbd7 6. d4 e5 7. Bg2 O-O 8. O-O
c6 9. Qe2 Qc7 10. Rd1 Re8 11. d5 a5 12. Be3 Nf8 13. Rac1 a4 14. Qd3 Rd8 15. Qc2
Qa5 16. Ne1 Bg4 17. f3 Bd7 18. Nd3 Ng6 19. Qf2 c5 20. h4 Rdb8 21. Bf1 Qd8 22.
Nxc5 dxc5 23. d6 Bf8 24. Bxc5 b6 25. Ba3 Bc6 26. Rd2 Ra7 27. Be2 Rd7 0-1